书目信息 |
| 题名: |
庞然大物:与寻找超大型矿床有关的基础研究
|
|
| 作者: | 涂光枳 主编 | |
| 分册: | ||
| 出版信息: | 长沙 湖南科学技术出版社 1995.04 |
|
| 页数: | 116页 | |
| 开本: | 32开 | |
| 丛书名: | ||
| 单 册: | ||
| 中图分类: | ||
| 科图分类: | ||
| 主题词: | 采矿地质学 , 矿床 | |
| 电子资源: | ||
| ISBN: | 7-5357-1678-4 | |
| 000 | 00669nam0 2200217 45 | |
| 001 | 9912031030 | |
| 005 | 19991203102423.3 | |
| 010 | @a7-5357-1678-4@d8.60元 | |
| 100 | @a19991203d1995 km y0chiy0120 ea | |
| 101 | @achi | |
| 105 | @a z 000yy | |
| 200 | 1 | @a庞然大物:与寻找超大型矿床有关的基础研究@APang Ran Da Wu:Yu Xun Zhao Chao Da Xing Kuang Chuang YouGuan De Ji Chu Yan Jiu@f涂光枳主编@FTu Guang Zhi Zhu Bian |
| 210 | @a长沙@c湖南科学技术出版社@d1995.04 | |
| 215 | @a116页@d32开 | |
| 606 | 0 | @a采矿地质学 |
| 606 | 0 | @a矿床 |
| 690 | @v3 | |
| 690 | @aP61-49 | |
| 701 | @a涂光枳@4主编 | |
| 801 | @aCN@bPFTUser@c19991203 | |
| 905 | @f2@b45807-808@dP61-49@eT965 | |
| 庞然大物:与寻找超大型矿床有关的基础研究/涂光枳主编.-长沙:湖南科学技术出版社,1995.04 |
| 116页;32开 |
| ISBN 7-5357-1678-4:8.60元 |
| ● |
| 相关链接 |
|
|
|
正题名:庞然大物:与寻找超大型矿床有关的基础研究
索取号:P61-49/T965
 
预约/预借
| 序号 | 登录号 | 条形码 | 馆藏地/架位号 | 状态 | 备注 |
| 1 | 45807 | 200458076 | 自科库401/401自科库 130排1列4层/ [索取号:P61-49/T965] | 在馆 | |
| 2 | 45808 | 200458085 | 期刊室512/401自科库 125排1列1层/ [索取号:P61-49/T965] | 在馆 |